00401pab a2200145 454500008004000000100001600040245008200056260000900138300001300147362001100160650002100171650001300192700001600205773003400221180718b2015 xxu||||| |||| 00| 0 eng d aMani, Sunil aDiffusion of broadband internet in India: trends, determinants and challenges c2015 ap.54-62. a19 Dec aInternet - India aInternet aSridhar, V. aEconomic and Political Weekly